Atlas of polymer morphology /
Guardado en:
| Autor Principal: | |
|---|---|
| Formato: | Libro |
| Idioma: | English |
| Publicado: |
Munich : New York :
Hanser Publishers ; Distributed in the U.S.A. by Oxford University Press,
c1989.
|
| Materias: | |
| Acceso en línea: | Descripción Tabla de contenido |
| Etiquetas: |
Agregar Etiqueta
Sin Etiquetas, Sea el primero en etiquetar este registro!
|
| LEADER | 00980cam a22002415a 4500 | ||
|---|---|---|---|
| 001 | EIQ.libpla003274 | ||
| 008 | 880503s1989####gw#a#####b####001#0#eng#d | ||
| 005 | 20071116191829.0 | ||
| 245 | 1 | 0 | |a Atlas of polymer morphology / |c Arthur E. Woodward. |
| 246 | 3 | 0 | |a Polymer morphology. |
| 260 | |a Munich : |b Hanser Publishers ; |a New York : |b Distributed in the U.S.A. by Oxford University Press, |c c1989. | ||
| 300 | |a x, 531 p. : |b il. (algunas col.) ; |c 27 cm. | ||
| 504 | |a Incluye referencias bibliográficas. | ||
| 020 | |a 0195207580 (Oxford University Press) | ||
| 100 | 1 | |a Woodward, Arthur E., |d 1925- | |
| 082 | 0 | 0 | |a 668.9 |2 19 |
| 650 | 4 | |a Polímeros |x Atlas. | |
| 650 | 0 | |a Polymers |x Atlases. | |
| 010 | |a 88011315 | ||
| 040 | |a DLC |c DLC |d AR-BbSID | ||
| 856 | 4 | 2 | |3 Descripción |u http://www.loc.gov/catdir/enhancements/fy0639/88011315-d.html |
| 856 | 4 | 1 | |3 Tabla de contenido |u http://www.loc.gov/catdir/enhancements/fy0639/88011315-t.html |
| 859 | |a AR-BbSID |b BIB. PLAPIQUI |h 668.42 |i W 871 |p 4139 | ||
